Η περιβαλλοντική εκπαίδευση και η συμμετοχή μαθητών νηπιαγωγείου σε περιβαλλοντικά προγράμματα στο πλαίσιο της εκπαίδευσης για την αειφόρο ανάπτυξη : απόψεις και αντιλήψεις γονέων ; διπλωματική εργασία [μεταπτυχιακή εργασία]

Αποθηκεύτηκε σε:
Λεπτομέρειες βιβλιογραφικής εγγραφής
Κύριος συγγραφέας: Πανάγου, Μαρία
Συγγραφή απο Οργανισμό/Αρχή: Πανεπιστήμιο Αιγαίου Σχολή Ανθρωπιστικών Επιστημών Τμήμα Επιστημών της Προσχολικής Αγωγής και του Εκπαιδευτικού Σχεδιασμού Πρόγραμμα Μεταπτυχιακών Σπουδών Περιβαλλοντική Εκπαίδευση
Μορφή: Thesis Βιβλίο
Γλώσσα:Greek
Δημοσίευση: 2016.
Θέματα:
Διαθέσιμο Online:http://hdl.handle.net/11610/22392
Ετικέτες: Προσθήκη ετικέτας
Δεν υπάρχουν, Καταχωρήστε ετικέτα πρώτοι!

MARC

LEADER 00000cam a2200000 a 4500
001 1/110988
008 160603s2016####gr | ||| |||| ||gre||
040 |a GR-MyUa  |b gre  |c GR-MyUa  |e AACR2 
041 0 |a gre 
082 7 |a 372.357   |2 (23) 
100 1 |a Πανάγου, Μαρία. 
245 1 2 |a Η περιβαλλοντική εκπαίδευση και η συμμετοχή μαθητών νηπιαγωγείου σε περιβαλλοντικά προγράμματα στο πλαίσιο της εκπαίδευσης για την αειφόρο ανάπτυξη :   |b απόψεις και αντιλήψεις γονέων ; διπλωματική εργασία [μεταπτυχιακή εργασία] /   |c Πανάγου Μαρία ; επιβλέπων καθηγητής: Παπαβασιλείου Βασίλειος.  
260 |c 2016.  
300 |a 191 σ. :   |b πίν., διαγρ. ;   |c 30 εκ.  
502 |a Διατριβή (μεταπτυχιακή) – Πανεπιστήμιο Αιγαίου, Ρόδος, 2016. 
504 |a Βιβλιογραφία: σ. 172-181.  
506 1 |a Πλήρες κείμενο - Ενδοπανεπιστημιακή δημοσίευση - Κλειδωμένη η δυνατότητα αντιγραφής.  
650 0 |a Environmental education  |x Study and teaching (Primary) 
650 0 |a Environmental education  |x Study and teaching (Preschool) 
650 0 |a Environmental education  |x Activity programs. 
650 0 |a Sustainable development  |x Study and teaching. 
650 0 |a Parents  |x Attitudes. 
700 1 |a Παπαβασιλείου, Βασίλειος Φ.  |e dgs 
710 2 |a Πανεπιστήμιο Αιγαίου  |b Σχολή Ανθρωπιστικών Επιστημών  |b Τμήμα Επιστημών της Προσχολικής Αγωγής και του Εκπαιδευτικού Σχεδιασμού  |b Πρόγραμμα Μεταπτυχιακών Σπουδών Περιβαλλοντική Εκπαίδευση. 
852 |a INST  |b RHODES  |c DIATR  |e 20160603  |h 372.357 ΠΑΝ  |p 005400038441  |q 005400038441  |t MTXE  |y 23 
856 |u http://hdl.handle.net/11610/22392 
924 |a Πανάγου   |b Μαρία   |y Ρόδος  |z 2016-03  
970 |z 03-06-2016